00421nam a2200157Ia 45000010006000000050017000060080041000230410008000640820016000721000032000882450090001202600009002103000028002196500008002476540008002551318020260306163034.0260306t2017||||xx |||||||||||||| ||spa|| aESP a001.42bA59 aAndia Valencia, WaltereAUT 0aManual de investigación universitaria:bpautas para la planificación de una tesis c2017 a214 páginas :c24 cm. aGEN aCHU